000 01687nam a2200421 c 4500
003 BLK
005 20180420232848.0
008 180409b bul|||||r ||||||| ||bul||
010 _aKNG00142825000
020 _a978-954-28-1054-4
_bиздат.: Сиела Норма
040 _aBLK
041 _aBUL
_cBUL
072 7 _2bullib
_aН34
_xПраво Н
080 _aАвторско право в областта на изкуството и литературата
_b347.78
_x(497.2)
_z347.78(497.2)
080 _aДруги въпроси на изд. дело и книготърговията
_b655.5
_x.000.34(075.8)
_z655.5.000.34(075.8)
100 1 _aМанчев, Ангел Стефанов
_eпърви автор
_9325579
139 _aМанчев, Ангел Стефанов
_bМ 28
245 1 0 _aАвторско право. Договори
_cАнгел Стефанов Манчев.
257 _aBGR
260 София
_bСиела Норма
_c2012
300 _a264 с.
_c21 см
380 _a3
490 1 _aИздателско право
500 _aРез. на англ., рус. ез.
650 4 _aАвторско право - България
_9260593
650 4 _aДоговори - България
_9258795
650 4 _aИздателско дело - България - правни проблеми
_9325580
651 4 _aБългария
_9241624
653 _aавторско право
653 _aиздателско дело
653 _aдоговори
659 _aН
852 _aЦб 259412
856 4 _qpdf
_u
856 4 _qpdf
_u
942 _cKNG
_n0
944 _aCR
_c17.05.2013
_lф /
_kЛюдмила_Стоянова
944 _aED
_c21.06.2013
_lф /
_k
999 _c136868
_d136868